| 000 | 00509nam a2200157 i 4500 | ||
|---|---|---|---|
| 001 | 62350 | ||
| 003 | ES-MaACL | ||
| 005 | 20230906164642.0 | ||
| 007 | t| | ||
| 008 | 031120s1971 sp ||||1| spa d | ||
| 100 | 1 |
_aFelipe Ferrero, Felipe. _949172 |
|
| 245 | 1 | 4 |
_aLas tablas de Fernando Gallego en Arcenillas del Vino (Zamora) / _cpor Felipe Felipe Ferrero. |
| 260 |
_a[Valladolid : _bs.n., _c1971] ( _fAndrés Martín) |
||
| 300 |
_a111 p., 20 lám. : _bil. ; _c23 cm. |
||
| 852 |
_aES-MaACL _jC-44537 _bR.77485 |
||
| 999 |
_c62350 _d62350 |
||